[Event "Mittelfranken-chTB2a 1718"]
[Site "Mittelfranken"]
[Date "2018.05.06"]
[Round "9.6"]
[White "Koschka, Robert"]
[Black "Eichmueller, Klaus"]
[Result "1-0"]
[WhiteElo "1865"]
[BlackElo "1471"]
[PlyCount "91"]
[EventDate "2017.10.08"]
[EventType "team-tourn"]
[EventRounds "9"]
[EventCountry "GER"]
[SourceTitle "EXT 2022"]
[Source "ChessBase"]
[SourceDate "2021.10.06"]
[SourceVersion "1"]
[SourceVersionDate "2021.10.06"]
[SourceQuality "1"]
[WhiteTeam "Fuerth SF"]
[BlackTeam "Treuchtlingen/Wet SG"]
[WhiteTeamCountry "GER"]
[BlackTeamCountry "GER"]

1. e4 e5 2. f4 d6 3. Nf3 Nc6 4. d4 Bg4 5. d5 Nd4 6. Be2 Nxe2 7. Qxe2 a6 8. h3 Bxf3 9. Qxf3 Nf6 10. 0-0 Be7 11. f5 Nd7 12. Nd2 Bg5 13. g3 Qe7 14. a4 g6 15. h4 Bf6 16. Kh2 0-0-0 17. Qf2 Kb8 18. Nf3 gxf5 19. exf5 Rdg8 20. Re1 h6 21. Kh3 Qf8 22. g4 Qg7 23. Qg2 Re8 24. Nd2 Rhg8 25. Ne4 Be7 26. c4 Nf6 27. Rg1 Nxe4 28. Qxe4 Qf6 29. g5 hxg5 30. Bxg5 Qh8 31. Bxe7 Rxe7 32. Rg2 Ree8 33. Rag1 Rxg2 34. Rxg2 Rg8 35. Rg4 Kc8 36. Qg2 Rxg4 37. Qxg4 Kd8 38. Qg5+ Ke8 39. h5 Qh7 40. h6 Qh8 41. Qg7 Qf8 42. f6 e4 43. Kg3 c6 44. Kf4 cxd5 45. cxd5 b5 46. h7 1-0